Microelectronic circuits (Record no. 1329)

000 -LEADER
fixed length control field 00597nam a22002177a 4500
001 - CONTROL NUMBER
control field 1329
003 - CONTROL NUMBER IDENTIFIER
control field BD-DhUET
008 - FIXED-LENGTH DATA ELEMENTS--GENERAL INFORMATION
fixed length control field 140903b xxu||||| |||| 00| 0 eng d
020 ## - INTERNATIONAL STANDARD BOOK NUMBER
International Standard Book Number 0195680847
040 ## - CATALOGING SOURCE
Transcribing agency 0
Modifying agency BD-DhUET
082 ## - DEWEY DECIMAL CLASSIFICATION NUMBER
Classification number 623.8153
Item number SED/1982
100 ## - MAIN ENTRY--PERSONAL NAME
Personal name Sedra, Adel.S
245 ## - TITLE STATEMENT
Title Microelectronic circuits
Statement of responsibility, etc. by Adel S. Sedra and Kenneth C. Smith
250 ## - EDITION STATEMENT
Edition statement 5th ed.
260 ## - PUBLICATION, DISTRIBUTION, ETC. (IMPRINT)
Place of publication, distribution, etc. New York
Name of publisher, distributor, etc. Oxford University Press
Date of publication, distribution, etc. 1982
300 ## - PHYSICAL DESCRIPTION
Extent xxi, 1283 p.
Other physical details ill.
Dimensions 22 cm.
504 ## - BIBLIOGRAPHY, ETC. NOTE
Bibliography, etc Includes bibliographies
650 #0 - SUBJECT ADDED ENTRY--TOPICAL TERM
Topical term or geographic name as entry element Electronic-Circuits
700 ## - ADDED ENTRY--PERSONAL NAME
Personal name Smith, Kenneth C.
942 ## - ADDED ENTRY ELEMENTS (KOHA)
Koha item type General Book
Holdings
Koha out on loan Copy number Koha date last borrowed Koha renewals Price effective from Koha full call number Date acquired Not for loan Source of classification or shelving scheme Shelving location Koha issues (times borrowed) Withdrawn status Koha normalized classification for sorting Damaged status Koha item type Piece designation (barcode) Koha date last seen Sublocation or collection (holding branch) Lost status Location (home branch)
 12021-12-2112014-09-03623.8153/SED/20042014-09-03  Circulation section9 623_000000000000000_8153SED200 Guide Book1038712022-05-22Central Library, BUET Central Library, BUET
2026-02-0322026-01-2012014-09-03623.8153/SED/20042007-05-28  Circulation section7 623_815300000000000_SED_2004 General Book1038662026-01-20Central Library, BUET Central Library, BUET
2022-12-0632022-11-22 2014-09-03623.8153/SED/20042014-09-03  Circulation section13 623_000000000000000_8153SED200 Guide Book1038672022-11-22Central Library, BUET Central Library, BUET
2017-02-2642016-02-27 2014-09-03623.8153/SED/20042014-09-03  Circulation section2 623_000000000000000_8153SED200 Guide Book1038682016-02-27Central Library, BUET Central Library, BUET
 52024-03-06 2014-09-03623.8153/SED/20042014-09-03  Circulation section12 623_000000000000000_8153SED200 Guide Book1038702024-06-02Central Library, BUET Central Library, BUET
 62025-08-2422014-09-03623.8153/SED/20042014-09-03  Circulation section13 623_000000000000000_8153SED200 Guide Book1038732025-09-08Central Library, BUET Central Library, BUET
2023-06-1982023-06-0512014-09-03623.8153/SED/20042014-09-03  Circulation section16 623_000000000000000_8153SED200 Guide Book1038722023-06-05Central Library, BUET Central Library, BUET
 92025-09-24 2014-09-03623.8153/SED/20042014-09-03  Circulation section18 623_000000000000000_8153SED200 Guide Book1038742025-10-18Central Library, BUET Central Library, BUET
2021-02-09102020-02-10 2014-10-27623.8153/SED/20042014-10-27  Circulation section5 623_000000000000000_8153SED200 Guide Book1016932020-02-10Central Library, BUET Central Library, BUET
 112014-12-08 2014-11-29623.8153/SED/19822014-11-29  Circulation section1 623_815300000000000_SED_1982 General Book1077892026-03-08Central Library, BUET Central Library, BUET
2025-05-13122025-04-29 2016-03-27623.8153/SED/19822016-03-27  Circulation section10 623_815300000000000_SED_1982 General Book1016922025-04-29Central Library, BUET Central Library, BUET